| 000 | 00555nam a2200217Ia 4500 | ||
|---|---|---|---|
| 005 | 20260122095527.0 | ||
| 008 | 260121s9999||||xx |||||||||||||| ||und|| | ||
| 020 | _a9781032522586 | ||
| 082 |
_a338.4791 _bALT |
||
| 100 | _aAltinay, Levent | ||
| 245 | 0 | _aPlanning research in hospitality and tourism / | |
| 250 | _a3rd ed. | ||
| 260 |
_aLondon : _bRoutledge, _c2024. |
||
| 300 | _axv, 356 p.; pbk | ||
| 650 | _aHospitality | ||
| 650 | _aResearch | ||
| 650 | _aTourism | ||
| 700 | _aAli, Faizan | ||
| 700 | _aParaskevas, Alexandros | ||
| 942 | _cTB | ||
| 999 |
_c48672 _d48672 |
||